Loading...
| Science - Physics | 1 | 5 | 0 | 2 | 65 | 29 | 106.50 | 0 | 1 | 0.00 | 0.00 |
| Science - Other | 0 | 7 | 2 | 1 | 60 | 81 | 105.29 | 0 | 4 | 0.00 | 0.00 |
| Social Science | 0 | 5 | 0 | 0 | 50 | 93 | 107.20 | 1 | 2 | 0.00 | 0.00 |
| Science - Biology | 0 | 4 | 1 | 0 | 35 | 109 | 116.75 | 0 | 1 | 0.00 | 0.00 |
| Philosophy | 0 | 3 | 0 | 2 | 30 | 105 | 124.33 | 0 | 0 | 0.00 | 0.00 |
| Literature - European | 1 | 1 | 0 | 0 | 25 | 95 | 119.00 | 0 | 0 | 0.00 | 0.00 |
| Science - Chemistry | 0 | 3 | 1 | 2 | 25 | 97 | 116.33 | 0 | 1 | 0.00 | 0.00 |
| Fine Arts - Other Arts | 1 | 0 | 0 | 0 | 15 | 44 | 44.00 | 1 | 1 | 0.00 | 0.00 |
| History - Other | 0 | 1 | 0 | 0 | 10 | 109 | 109.00 | 0 | 0 | 0.00 | 0.00 |
| History - American | 0 | 1 | 0 | 0 | 10 | 118 | 118.00 | 0 | 0 | 0.00 | 0.00 |
| Other Academic | 0 | 1 | 1 | 1 | 5 | 147 | 147.00 | 0 | 0 | 0.00 | 0.00 |
| Modern World | 1 | 0 | 2 | 0 | 5 | 68 | 68.00 | 1 | 1 | 0.00 | 0.00 |
| Literature - British | 0 | 0 | 0 | 0 | 0 | 0.00 | 0 | 0 | 0.00 | 0.00 | |
| Geography | 0 | 0 | 1 | 0 | -5 | 0.00 | 0 | 0 | 0.00 | 0.00 | |
| Visual Arts | 0 | 0 | 2 | 0 | -10 | 0.00 | 0 | 0 | 0.00 | 0.00 |